000 00632nam a2200205Ii 4500
003 JO-AjNU
008 230605s9999||||xx |||||||||||||| ||und||
040 _aJO-AjNU
_bara
_erda
_cJO-AjNU
041 _aara
050 1 4 _aLB1761.5.S2988 1992
100 3 _aميخائيل،أمطانيوس,
_eauthor
_915042
245 0 0 _aسيكولوجية اللغة (فصول مختارة)
250 _aط3
264 3 1 _aدمشق:جامعة دمشق،1992
300 _a239ص
336 _atext
_btxt
_2rdacontent
337 _aunmediated
_bn
_2rdamedia
338 _avolume
_bnc
_2rdacarrier
650 4 _aعلم النفس اللغوي
_915043
999 _aA4155
_c7723
_d7723